Wszystkie miejscowości w Gminie Wojaszówka z kościołem - Statystyki

Ogólne statystyki
  • Ten quiz został rozwiązany 13 razy
  • Średni wynik to 7 z 8
Statystyki odpowiedzi
Miejscowość % Poprawnych
Bajdy
100%
Ustrobna
100%
Odrzykoń
90%
Rzepnik
90%
Wojkówka
90%
Łączki Jagiellońskie
80%
Łęki Strzyżowskie
80%
Przybówka
80%
Nie znaleziono quizów pasujących do podanych kryteriów
Rozkład punktacji
Procent ludzi z każdym wynikiem
Percentyl według liczby udzielonych odpowiedzi
Twoja historia wyników
Nie rozwiązałeś tego quizu